Hobo tanár úr József Attila-est a Katona József Színházban /

Elmentve itt :
Bibliográfiai részletek
Szerző: Gabnai Katalin
Dokumentumtípus: Cikk
Megjelent: 1992
Sorozat:Iskolakultúra 2 No. 1
Kulcsszavak:Színházi kritika - magyar - 20. sz.
Online Access:http://misc.bibl.u-szeged.hu/43120
LEADER 00637nab a2200181 i 4500
001 misc43120
005 20191106141308.0
008 180802s1992 hu o 0|| zxx d
022 |a 1215-5233 
040 |a SZTE Miscellanea Repozitórium  |b hun 
041 |a zxx 
100 1 |a Gabnai Katalin 
245 1 0 |a Hobo tanár úr   |h [elektronikus dokumentum] :  |b József Attila-est a Katona József Színházban /  |c  Gabnai Katalin 
260 |c 1992 
300 |a 73-74 
490 0 |a Iskolakultúra  |v 2 No. 1 
695 |a Színházi kritika - magyar - 20. sz. 
856 4 0 |u http://misc.bibl.u-szeged.hu/43120/1/iskolakultura_1992_001_073-074.pdf  |z Dokumentum-elérés